| 000 | 00519cam a2200193ua 4500 | ||
|---|---|---|---|
| 001 | 1953 | ||
| 008 | 110806n ii |||gr||||Z||||||eng | ||
| 020 | _a81-7024-318-1 | ||
| 040 | _cMAIN | ||
| 082 | _a370 | ||
| 100 |
_aBalan, K, _eAuthor. |
||
| 245 | 1 |
_aEducation, national integration and development _cby K. Balan |
|
| 250 | _a1st. | ||
| 260 |
_aNew Delhi: _bAshish publishing house,990. |
||
| 300 |
_a171p: _c23cm. |
||
| 653 | _aEducation | ||
| 653 | _aEducation national integration and development | ||
| 942 | _cBK | ||
| 999 |
_c1828 _d1828 |
||